| 000 | 00983nam a22002417a 4500 | ||
|---|---|---|---|
| 999 |
_c16818 _d16818 |
||
| 003 | AR-CdUCM | ||
| 008 | 190506b ||||| |||| 00| 0 spa d | ||
| 040 |
_aMUNICIPALIDAD PROVINCIAL DEL CUSCO _cBIBLIOTECA MUNICIPAL DEL CUSCO |
||
| 041 | _heng | ||
| 082 |
_a372.4 / _bH97 |
||
| 100 |
_aHutt, Max L. _936497 |
||
| 245 |
_aEl niño : _bdesarrollo y adaptación / |
||
| 260 |
_aMéxico D. F. : _bContinental, _c1962. |
||
| 300 |
_a493 páginas ; _bfiguras, _c23 cm. |
||
| 505 | _aContenido: La personalidad y los aspectos del desarrollo del niño -- El nacimiento del hijo -- El hijo hereda una cultura -- Desarrollo en la infancia "árbol que nace torcido" -- El periodo formativo temprano -- Primera infancia, los años preescolares ... | ||
| 650 |
_aEducación _9460 |
||
| 650 |
_aFormación _98434 |
||
| 650 |
_aNiño _922056 |
||
| 700 |
_aGwyn Gibby, Robert (coautor) _936498 |
||
| 700 |
_aRoig, Jaime (traductor) _936499 |
||
| 942 |
_2ddc _cLIBROS |
||
| 945 |
_aachl _d2019-05-06 |
||